000 00623cam a2200193 i 4500
005 20260225103624.0
008 250721s1990 ua gr 000 0 ara d
082 1 4 _a415
_bش و ق
100 1 _aضيف، شوقي
_eمؤلف.
245 1 0 _aتجديد النحو /
_cتاأليف الدكتور شوقي ضيف.
250 _aالطبعة الثالثة.
264 3 1 _aالقاهرة :
_bدار المعارف،
_c1990.
300 _a282صفحة.
650 1 7 _aاللغة العربية.
650 1 7 _aقواعد اللغة.
650 1 7 _aعلم الصرف.
942 _2ddc
_cBK
999 _c11862
_d11862